02202nam a22001817a 4500999001700000082001300017100006800030245006600098250002000164260003000184300000800214500152200222700004101744856003301785942001101818952009001829952010101919 c64770d64767 aR/IMS-19 a Bhatti, Naeema13-12-MS(IT)-12aSupervisor Dr. Rafia Naz Memon aComparison of Static Analysis Software Testing Tools (Thesis) a13-12-MS(IT)-12 aNawabshah:bQUEST,c2019. a49p aABSTRACT The software testing is necessary because during development process a lots of minor defects generate if these defects do not remove at early stage of software development life cycle (SDLC) then these minor defects become major defects and in the end software product will be failed. The software testing is divided into two major categories, static testing and dynamic testing. Static testing is done during verification process and dynamic testing is done during validation process. Verification and Validation are two measures used to check that the software product meets the requirements specifications. They help improve software quality. The focus of research is on static testing only, this testing is performed at first stage of development process. Static testing is done manually and through automated static analysis tools. It is evident from literature that less research of comparison of static analysis tools based on lexical analysis technique has yet been performed. The aim of this study is to identify specific vulnerability problems faced by programmers, developers and users such as wrong code, duplicate code, fussy code, unused variables, unnecessary object, class design problems, method design problems and check code layout. The two specific automated static analysis software testing tools are compared Check style and PMD. The goal of this research was to find out whether the selected tools are capable of finding the specific vulnerability problems present in the code or not. aDepartment 0f Information technology uhttps://tinyurl.com/59feau4a cTHESIS 00104070aRESEARCHbRESEARCHd2019-07-01l0pMP/43-495r2019-07-01 00:00:00yTHESIS 00104070aRESEARCHbRESEARCHd2023-12-18l0pMP53-655r2023-12-18 00:00:00w2023-12-18yTHESIS